| 000 | 00736nam a22002057a 4500 | ||
|---|---|---|---|
| 999 |
_c15431 _d15431 |
||
| 003 | AR-CdUCM | ||
| 008 | 190328b ||||| |||| 00| 0 spa d | ||
| 040 |
_aMUNICIPALIDAD PROVINCIAL DEL CUSCO _cBIBLIOTECA MUNICIPAL DEL CUSCO |
||
| 082 |
_a704.9482 / _bS12 |
||
| 100 |
_aSabogal, Jose _921983 |
||
| 245 | _aEl desvan de la imagineria peruana / | ||
| 260 |
_aLima : _bBanco central de reserva del Perú, _c1988. |
||
| 300 |
_a78 páginas ; _bIlustraciones _c25 cm. |
||
| 505 | _aContenido: La cruz -- Taytacha Temblores-- La madera -- Semana Santa -- Sabado de gloria y Pascua... | ||
| 650 |
_aArte. _9561 |
||
| 650 |
_aArte cusqueño. _913165 |
||
| 650 |
_aAutores peruanos _9731 |
||
| 942 |
_2ddc _cLIBROS |
||
| 945 |
_awnts _d2019-04-27 |
||